Catálogo
 En Linea

Historia general del comercio exterior mexicano : (Registro nro. 23236)

Detalles MARC
000 -CABECERA
campo de control de longitud fija 00529nam a2200157 a 4500
001 - NÚMERO DE CONTROL
campo de control 000023740
005 - FECHA Y HORA DE LA ÚLTIMA TRANSACCIÓN
campo de control 20200930022430.0
008 - DATOS DE LONGITUD FIJA--INFORMACIÓN GENERAL
campo de control de longitud fija 110112s1968 mx r 000 0 spa d
040 ## - FUENTE DE LA CATALOGACIÓN
Centro catalogador/agencia de origen DO-SdBNP
Lengua de catalogación spa
Centro/agencia transcriptor BNPHU
082 ## - NÚMERO DE LA CLASIFICACIÓN DECIMAL DEWEY
Número de clasificación xxxxx
Número de documento/Ítem T183h
049 ## - FONDOS LOCALES (OCLC)
Fondos de biblioteca BNGR
100 1# - ENTRADA PRINCIPAL--NOMBRE DE PERSONA
Nombre de persona Tardiff, Guillermo
9 (RLIN) 48884
245 10 - MENCIÓN DE TÍTULO
Título Historia general del comercio exterior mexicano :
Resto del título antecedentes, documentos, glosas y comentarios 1503-1847 /
Mención de responsabilidad, etc. Guillermo Tardiff.
260 ## - PUBLICACIÓN, DISTRIBUCIÓN, ETC.
Lugar de publicación, distribución, etc. México, D. F. :
Lugar de fabricación/manufactura Gráfica Panamericana,
Fecha de publicación, distribución, etc. 1968.
300 ## - DESCRIPCIÓN FÍSICA
Extensión t. 1 ;
Dimensiones 27 cm.
Existencias
Estado de retiro Estado de pérdida Restricciones de uso No para préstamo Código de colección Localización permanente Ubicación/localización actual Ubicación en estantería Fecha de adquisición Número de inventario Total de préstamos Signatura topográfica completa Código de barras Fecha visto por última vez Precio válido a partir de Tipo de ítem Koha
        Monografías: Libros y Folletos General General En catalogación 12.01.2011 LF1   xxxxx T183h 23740-10 25.06.2020 25.06.2020 Préstamo en sala

Con tecnología Koha